[Event "Campeonato de Aragon por Equipos 2024 - "]
[Site "?"]
[Date "2024.03.09"]
[Round "7.31"]
[White "Villalba Embid, Marcos"]
[Black "Aribau Rivas, Miguel Angel"]
[Result "1-0"]
[WhiteElo "2103"]
[BlackElo "2029"]
[PlyCount "69"]
[GameId "2166508135236096"]
[EventDate "2024.01.27"]
[WhiteTeam "Iberajedrez Mundo 64"]
[BlackTeam "Fraga"]

1. c4 Nf6 2. Nc3 c5 3. Nf3 Nc6 4. d4 cxd4 5. Nxd4 g6 6. e4 Bg7 7. Nc2 O-O 8. Be2 d6 9. O-O Bd7 10. Be3 Rc8 11. f3 a6 12. Qd2 Ne5 13. Na3 Re8 14. Rac1 Qa5 15. h3 Bc6 16. Rfd1 Rb8 17. Nc2 b5 18. b4 Qc7 19. Nd5 Bxd5 20. cxd5 Qb7 21. Nd4 Rbc8 22. Nb3 Rxc1 23. Rxc1 Rc8 24. Na5 Qa8 25. Rc2 h5 26. Qc1 Rxc2 27. Qxc2 e6 28. dxe6 fxe6 29. Qc7 Nf7 30. Nc6 Qe8 31. Qb8 Qxb8 32. Nxb8 d5 33. Nxa6 dxe4 34. fxe4 Nxe4 35. Bxb5 1-0

[Event "Campeonato de Aragon por Equipos 2024 - "]
[Site "?"]
[Date "2024.03.09"]
[Round "7.32"]
[White "Casas Chine, German"]
[Black "Martinez Cebolla, Alberto"]
[Result "0-1"]
[WhiteElo "1818"]
[BlackElo "2048"]
[PlyCount "84"]
[GameId "2166508135289345"]
[EventDate "2024.01.27"]
[WhiteTeam "Fraga"]
[BlackTeam "Iberajedrez Mundo 64"]

1. e4 e5 2. Nf3 Nc6 3. Bb5 Nf6 4. d3 Bc5 5. O-O Nd4 6. Nxd4 Bxd4 7. c3 Bb6 8. Bg5 c6 9. Ba4 d6 10. h3 h6 11. Bh4 g5 12. Bg3 Qe7 13. Na3 Bd7 14. Nc4 Bc7 15. Ne3 O-O-O 16. c4 h5 17. b4 Rdg8 18. b5 c5 19. b6 Bxb6 20. Bxd7+ Qxd7 21. f3 Ba5 22. Be1 Bxe1 23. Qxe1 Rg6 24. Nf5 Ng8 25. Kh2 Ne7 26. Qa5 Kb8 27. Nxe7 Qxe7 28. Rab1 g4 29. Qb5 Rhg8 30. Rb2 d5 31. Rfb1 Rb6 32. Qa4 Rxb2 33. Rxb2 gxf3 34. gxf3 Qg5 35. Rxb7+ Kxb7 36. Qd7+ Kb8 37. Qd6+ Kc8 38. Qxc5+ Kd7 39. Qxa7+ Ke8 40. Qb8+ Ke7 41. Qc7+ Kf8 42. Qd8+ Qxd8 0-1

[Event "Preferente Aragonesa 2024 - Grupo I"]
[Site "?"]
[Date "2024.03.09"]
[Round "7.33"]
[White "Aranaz Murillo, Amalia"]
[Black "Baldellou Vicente, Roberto"]
[Result "1-0"]
[WhiteElo "2235"]
[BlackElo "1933"]
[PlyCount "109"]
[GameId "2166508135334402"]
[EventDate "2024.01.27"]
[WhiteTeam "Palacio De Pioneros B"]
[BlackTeam "San Jose"]

1. Nf3 Nf6 2. c4 e6 3. g3 d5 4. Bg2 Be7 5. O-O O-O 6. d4 c6 7. Qc2 Nbd7 8. Nbd2 dxc4 9. Nxc4 Nb6 10. Rd1 Nxc4 11. Qxc4 Qb6 12. b3 Rd8 13. Ne5 Bd7 14. Nxd7 Rxd7 15. Bb2 Rad8 16. Rdc1 Nd5 17. e3 a5 18. Rab1 Nb4 19. a3 Nd5 20. Be4 Nc7 21. Qc2 h6 22. Kg2 Nb5 23. Ra1 Nc7 24. Qc4 Qb5 25. Qxb5 Nxb5 26. a4 Nc7 27. Ba3 Bxa3 28. Rxa3 Na6 29. Raa1 Kf8 30. Bd3 Nb4 31. Bc4 Ke7 32. Kf3 Rd6 33. g4 Kf6 34. Ke4 g5 35. h4 Rg8 36. hxg5+ hxg5 37. Rh1 Rdd8 38. Rh6+ Rg6 39. Rh5 Rdg8 40. Rah1 Ke7 41. Rh7 Kf6 42. R1h5 R6g7 43. Rxg7 Rxg7 44. Rh8 Kg6 45. Ke5 Rh7 46. Rxh7 Kxh7 47. Kd6 Kg6 48. Kc5 Na2 49. Kb6 Nc3 50. Kxb7 Nd1 51. b4 f5 52. bxa5 Nxf2 53. a6 fxg4 54. a7 Ne4 55. Bd3 1-0

[Event "Preferente Aragonesa 2024 - Grupo I"]
[Site "?"]
[Date "2024.03.09"]
[Round "7.34"]
[White "Ferreruela Romero, Jose Joaquin"]
[Black "Sacristan Latorre, Alberto"]
[Result "1-0"]
[WhiteElo "1859"]
[BlackElo "2090"]
[PlyCount "103"]
[GameId "2166508135367171"]
[EventDate "2024.01.27"]
[WhiteTeam "San Jose"]
[BlackTeam "Palacio De Pioneros B"]

1. e4 c5 2. Nc3 Nc6 3. Bb5 g6 4. Nf3 Bg7 5. O-O Nd4 6. Nxd4 cxd4 7. Ne2 Qb6 8. Bc4 Nf6 9. d3 O-O 10. h3 Qc5 11. Bb3 a5 12. a4 d5 13. e5 Nd7 14. c3 dxc3 15. bxc3 Qc7 16. d4 Nb6 17. Ba3 Nc4 18. Bxc4 dxc4 19. Ng3 Rd8 20. Qc2 Rb8 21. Bc1 b6 22. Bf4 Bb7 23. Qc1 Qc6 24. f3 Rbc8 25. Bh6 Bh8 26. Re1 f6 27. exf6 exf6 28. Bf4 f5 29. Be5 Re8 30. Bxh8 Kxh8 31. Qf4 Rxe1+ 32. Rxe1 Re8 33. Rxe8+ Qxe8 34. Qc7 Qc6 35. Qd8+ Kg7 36. Qe7+ Kg8 37. Qd8+ Kg7 38. Ne2 Bc8 39. Qe7+ Kg8 40. Qd8+ Kg7 41. Nf4 Be6 42. d5 Qc5+ 43. Kf1 Bf7 44. Ne6+ Bxe6 45. dxe6 Qe3 46. e7 Qc1+ 47. Ke2 Qc2+ 48. Kf1 Qc1+ 49. Kf2 Qc2+ 50. Kg3 f4+ 51. Kh2 Qf2 52. Qf8# 1-0

[Event "Preferente Aragonesa 2024 - Grupo I"]
[Site "?"]
[Date "2024.03.09"]
[Round "7.35"]
[White "Colom Sienes, Eduardo"]
[Black "Repolles Bel, Antonio"]
[Result "0-1"]
[WhiteElo "2070"]
[BlackElo "1720"]
[PlyCount "80"]
[GameId "2166508135408132"]
[EventDate "2024.01.27"]
[WhiteTeam "Palacio De Pioneros B"]
[BlackTeam "San Jose"]

1. e4 c5 2. Nf3 Nc6 3. d4 cxd4 4. Nxd4 g6 5. Nc3 Bg7 6. Be3 Nf6 7. Bc4 Qa5 8. O-O Qb4 9. Bd5 O-O 10. a3 Qa5 11. Bb3 d6 12. h3 a6 13. Re1 Ne5 14. f4 Nc6 15. Nd5 Qd8 16. Qd3 Nh5 17. g4 Nxd4 18. Bxd4 Bxd4+ 19. Qxd4 Nxf4 20. Nxf4 e5 21. Qe3 exf4 22. Qxf4 Be6 23. Qe3 Rc8 24. Rad1 Qe7 25. Rd2 Rfd8 26. Bd5 a5 27. b3 b5 28. b4 axb4 29. axb4 Bxd5 30. exd5 Qb7 31. Qe7 Qb6+ 32. Kg2 Re8 33. Qxe8+ Rxe8 34. Rxe8+ Kg7 35. Re7 Qd8 36. Re4 Qg5 37. Red4 h5 38. R2d3 h4 39. c4 bxc4 40. Rxc4 Qe5 0-1

[Event "Preferente Aragonesa 2024 - Grupo I"]
[Site "?"]
[Date "2024.03.09"]
[Round "7.36"]
[White "Tarela Perez, Jose Gerardo"]
[Black "Gomez Salinas, Nestor"]
[Result "0-1"]
[WhiteElo "1688"]
[BlackElo "2014"]
[PlyCount "62"]
[GameId "2166508135449093"]
[EventDate "2024.01.27"]
[WhiteTeam "San Jose"]
[BlackTeam "Palacio De Pioneros B"]

1. d4 Nf6 2. c4 g6 3. Nc3 Bg7 4. e4 d6 5. Nf3 O-O 6. Be2 Nc6 7. O-O e5 8. d5 Ne7 9. Rb1 a5 10. Nd2 Nd7 11. a3 f5 12. b4 axb4 13. axb4 Nf6 14. f3 Bh6 15. Nb3 f4 16. g4 g5 17. c5 Rf7 18. Bd2 Bf8 19. Be1 Ng6 20. Rf2 h5 21. h3 Rh7 22. Rh2 Qe7 23. Bf2 Qg7 24. Qf1 Qh8 25. Qg2 Ra3 26. Rb2 Ra8 27. Nb5 Ra4 28. Nd2 Ra1+ 29. Rb1 Ra2 30. Rd1 Bd7 31. Nc3 Rc2 0-1

[Event "Preferente Aragonesa 2024 - Grupo I"]
[Site "?"]
[Date "2024.03.09"]
[Round "7.37"]
[White "Campo Pelegrin, Ramon"]
[Black "Montoro Mavilla, Sergio"]
[Result "1/2-1/2"]
[WhiteElo "1793"]
[BlackElo "1787"]
[PlyCount "106"]
[GameId "2166508135490054"]
[EventDate "2024.01.27"]
[WhiteTeam "Enroque de Barbastro"]
[BlackTeam "Jaque - Aramovil B"]

1. e4 e5 2. Nf3 Nc6 3. Bb5 a6 4. Ba4 Nf6 5. O-O b5 6. Bb3 Be7 7. d3 d6 8. c3 O-O 9. Nbd2 Na5 10. Bc2 c5 11. Re1 Qc7 12. Nf1 Re8 13. d4 exd4 14. cxd4 Nc6 15. d5 Nb4 16. Bb1 a5 17. Ng3 a4 18. Bf4 Ng4 19. a3 Na6 20. e5 Bd7 21. h3 Nxe5 22. Nxe5 dxe5 23. Bxe5 Bd6 24. Bxd6 Qxd6 25. Be4 Re5 26. Qc2 g6 27. Bf3 Rae8 28. Ne4 Qe7 29. Re2 Bf5 30. Rae1 Bxe4 31. Rxe4 Qd6 32. Rxe5 Rxe5 33. Rxe5 Qxe5 34. Qd2 Qd6 35. Be2 Nc7 36. Qa5 c4 37. Bf3 Qc5 38. Qd2 Qd6 39. Qd4 Ne6 40. Qf6 Qf4 41. Qxf4 Nxf4 42. d6 Kf8 43. Bc6 Nd3 44. Bxb5 Nxb2 45. Kf1 f6 46. Ke2 c3 47. g4 Kf7 48. f4 g5 49. f5 h6 50. Bd7 Kf8 51. Be6 Ke8 52. Ke3 Kd8 53. Ke2 Ke8 1/2-1/2

[Event "Preferente Aragonesa 2024 - Grupo I"]
[Site "?"]
[Date "2024.03.09"]
[Round "7.38"]
[White "Castillo Pla, Emilio"]
[Black "Santorroman Jovellar, Javier"]
[Result "1-0"]
[WhiteElo "1701"]
[BlackElo "1696"]
[PlyCount "47"]
[GameId "2166508135526919"]
[EventDate "2024.01.27"]
[WhiteTeam "Jaque - Aramovil B"]
[BlackTeam "Enroque de Barbastro"]

1. e4 c6 2. Nf3 d5 3. Nc3 Bg4 4. h3 Bxf3 5. Qxf3 e6 6. d4 Nf6 7. Bd3 dxe4 8. Nxe4 Nbd7 9. O-O Nxe4 10. Bxe4 Be7 11. c3 h6 12. Qg3 g5 13. f4 Nf6 14. Bc2 Qc7 15. Qe1 g4 16. f5 O-O-O 17. fxe6 gxh3 18. Bf4 Qa5 19. Qe5 Qxe5 20. Bxe5 Rdg8 21. Bf5 Rxg2+ 22. Kh1 Nh5 23. exf7+ Kd8 24. Bxh3 1-0

[Event "Preferente Aragonesa 2024 - Grupo I"]
[Site "?"]
[Date "2024.03.09"]
[Round "7.39"]
[White "Rubiella Moreno, Oscar"]
[Black "Torrente Gayarre, Lorenzo"]
[Result "1-0"]
[WhiteElo "1691"]
[BlackElo "1669"]
[PlyCount "48"]
[GameId "2166508135625224"]
[EventDate "2024.01.27"]
[WhiteTeam "Enroque de Barbastro"]
[BlackTeam "Jaque - Aramovil B"]

1. e4 c6 2. d4 d5 3. e5 Bf5 4. Nd2 e6 5. Nb3 Nd7 6. Nf3 Ne7 7. Be2 c5 8. O-O Nc6 9. c3 h6 10. Be3 Be7 11. Nxc5 Bxc5 12. dxc5 Ndxe5 13. Nxe5 Nxe5 14. Bd4 Nc6 15. Bb5 O-O 16. Bxc6 bxc6 17. b4 Qc7 18. Re1 a5 19. a3 Ra6 20. Re3 Rfa8 21. Be5 Qa7 22. Rg3 Bg6 23. Qd4 axb4 24. cxb4 Rxa3 1-0

[Event "Preferente Aragonesa 2024 - Grupo I"]
[Site "?"]
[Date "2024.03.09"]
[Round "7.40"]
[White "Abadias Banzo, Javier"]
[Black "Jimenez Azlor, Hugo"]
[Result "1-0"]
[WhiteElo "1454"]
[BlackElo "1519"]
[PlyCount "65"]
[GameId "2166508135670281"]
[EventDate "2024.01.27"]
[WhiteTeam "Jaque - Aramovil B"]
[BlackTeam "Enroque de Barbastro"]

1. b3 e5 2. Bb2 Nc6 3. e3 Nf6 4. c4 d5 5. cxd5 Nxd5 6. Bb5 Bd7 7. Nf3 Bd6 8. Bxc6 Bxc6 9. Nxe5 Bxe5 10. Bxe5 Qg5 11. Bg3 h5 12. h4 Qg6 13. O-O Rc8 14. Nc3 Nxc3 15. dxc3 O-O 16. Qe2 Be4 17. Rfd1 c5 18. Rd6 Qf5 19. Rad1 Bc6 20. f3 Rce8 21. e4 Qc8 22. Qe3 b6 23. Qg5 f6 24. Qxh5 Rd8 25. Qf5 Rxd6 26. Rxd6 Qb7 27. Qe6+ Qf7 28. Rxc6 Qxe6 29. Rxe6 Rd8 30. Rd6 Ra8 31. e5 fxe5 32. Bxe5 Re8 33. f4 1-0

[Event "Preferente Aragonesa 2024 - Grupo I"]
[Site "?"]
[Date "2024.03.09"]
[Round "7.41"]
[White "Garcia Alriols, Jesus"]
[Black "Llorente Zaro, Alfonso"]
[Result "0-1"]
[WhiteElo "1782"]
[BlackElo "2433"]
[PlyCount "72"]
[GameId "2166508135707146"]
[EventDate "2024.01.27"]
[WhiteTeam "Binefar"]
[BlackTeam "Agrupacion A"]

1. e4 d6 2. d4 Nf6 3. Nc3 e5 4. Nf3 Nbd7 5. Bc4 Be7 6. dxe5 dxe5 7. Qe2 O-O 8. O-O c6 9. Rd1 Qc7 10. Ng5 Nb6 11. Bb3 Bg4 12. f3 Bd7 13. a4 a5 14. Be3 h6 15. Qf2 c5 16. Nh3 Nh5 17. Nd5 Nxd5 18. Bxd5 Bxh3 19. gxh3 Ra6 20. Bc4 Rg6+ 21. Kh1 Bg5 22. Rd5 Bxe3 23. Qxe3 Nf4 24. Rxc5 Qb6 25. Bb3 Nxh3 26. Rf1 Rc6 27. Rc3 Qxe3 28. Rxe3 Rd8 29. Re2 Nf4 30. Ref2 Rcd6 31. h4 Kf8 32. Kh2 Ke7 33. Bc4 g5 34. Kg3 gxh4+ 35. Kxh4 Rg6 36. Re1 Rg5 0-1

[Event "Preferente Aragonesa 2024 - Grupo I"]
[Site "?"]
[Date "2024.03.09"]
[Round "7.42"]
[White "Martin Moreno, Luis"]
[Black "Bonet Herbera, Isabel"]
[Result "1-0"]
[WhiteElo "2314"]
[BlackElo "1780"]
[PlyCount "69"]
[GameId "2166508135748107"]
[EventDate "2024.01.27"]
[WhiteTeam "Agrupacion A"]
[BlackTeam "Binefar"]

1. e4 e5 2. Nf3 Nc6 3. Bb5 a6 4. Ba4 Bc5 5. c3 Nge7 6. Nxe5 Nxe5 7. d4 b5 8. Bc2 d6 9. dxc5 dxc5 10. Qxd8+ Kxd8 11. f4 Nc4 12. Kf2 Bb7 13. Nd2 Nb6 14. Nf3 Ke8 15. Be3 Nc4 16. Bxc5 Nxb2 17. Rhb1 Nc4 18. a4 Nd6 19. Bxd6 cxd6 20. axb5 axb5 21. Rxa8+ Bxa8 22. Ra1 Bc6 23. Nd4 Rg8 24. Bd3 Bd7 25. Ra8+ Nc8 26. Bxb5 Ke7 27. Ke3 Bxb5 28. Nxb5 Rd8 29. Nc7 Kd7 30. Nd5 Kc6 31. Rxc8+ Rxc8 32. Ne7+ Kd7 33. Nxc8 Kxc8 34. Kd4 Kd7 35. Kd5 1-0

[Event "Preferente Aragonesa 2024 - Grupo I"]
[Site "?"]
[Date "2024.03.09"]
[Round "7.43"]
[White "Rosa Garcia, Jesus"]
[Black "Mimbela Lopez, Luis"]
[Result "1/2-1/2"]
[WhiteElo "1704"]
[BlackElo "2007"]
[PlyCount "90"]
[GameId "2166508135784972"]
[EventDate "2024.01.27"]
[WhiteTeam "Binefar"]
[BlackTeam "Agrupacion A"]

1. b4 Nf6 2. Bb2 g6 3. c4 Bg7 4. e3 O-O 5. Nf3 d6 6. Be2 e5 7. d3 a5 8. b5 Nbd7 9. O-O Ne8 10. Nbd2 f5 11. a4 g5 12. Qc2 g4 13. Ne1 Qh4 14. f4 Rf6 15. g3 Qh5 16. Rf2 Rh6 17. Nf1 Nc5 18. Ng2 Ne6 19. Rb1 b6 20. Rd1 Bb7 21. d4 exd4 22. exd4 Be4 23. Qc1 Nf6 24. Nge3 Re8 25. Nd2 Qg6 26. Nef1 Bb7 27. Bd3 Rh5 28. Nb3 Ne4 29. Bxe4 Bxe4 30. c5 dxc5 31. dxc5 Bxb2 32. Rxb2 bxc5 33. Nxc5 Qf6 34. Nd7 Qg7 35. Ne5 Qe7 36. Qc3 Rh6 37. Rd7 Qc5+ 38. Qxc5 Nxc5 39. Rxc7 Nxa4 40. Ra2 Nb6 41. Rxa5 Rd6 42. Rca7 Rc8 43. Ra1 Rc2 44. R1a2 Rc5 45. Ra1 Rxb5 1/2-1/2

[Event "Preferente Aragonesa 2024 - Grupo I"]
[Site "?"]
[Date "2024.03.09"]
[Round "7.44"]
[White "Barros Gutierrez, Angel Luis"]
[Black "Arino Castan, Federico"]
[Result "1-0"]
[WhiteElo "1991"]
[BlackElo "1625"]
[PlyCount "97"]
[GameId "2166508135834125"]
[EventDate "2024.01.27"]
[WhiteTeam "Agrupacion A"]
[BlackTeam "Binefar"]

1. d4 Nf6 2. c4 g6 3. Nc3 d5 4. Bf4 Bg7 5. Rc1 c6 6. e3 O-O 7. Nf3 Qb6 8. b3 Re8 9. Be2 Nbd7 10. O-O e6 11. h3 Nh5 12. Bh2 Nhf6 13. Qc2 Qa5 14. Rfe1 a6 15. a4 dxc4 16. bxc4 c5 17. d5 Nf8 18. e4 exd5 19. cxd5 N6d7 20. Bd3 Nb6 21. Bc7 Qxc3 22. Bxb6 Qxc2 23. Rxc2 Bd7 24. a5 Rac8 25. Rxc5 Rxc5 26. Bxc5 Bc3 27. Rb1 Bc8 28. Bb4 Bg7 29. Nd2 Nd7 30. f4 Bd4+ 31. Kh2 Nc5 32. Bxc5 Bxc5 33. Kg3 Kf8 34. e5 g5 35. Nc4 gxf4+ 36. Kxf4 h6 37. g4 Bd4 38. Re1 Bc3 39. Re2 Bd7 40. Nd6 Rb8 41. e6 fxe6 42. dxe6 Bxe6 43. Rxe6 Bxa5 44. Nc4 Bc7+ 45. Kf5 Rd8 46. Be4 b5 47. Ne5 Rd1 48. Ng6+ Kg8 49. Re8+ 1-0

[Event "Preferente Aragonesa 2024 - Grupo I"]
[Site "?"]
[Date "2024.03.09"]
[Round "7.45"]
[White "Munoz Valles, Jorge"]
[Black "Malo Guillen, Jose Luis"]
[Result "1/2-1/2"]
[WhiteElo "2001"]
[BlackElo "2070"]
[PlyCount "88"]
[GameId "2166508135883278"]
[EventDate "2024.01.27"]
[WhiteTeam "El Olivar C"]
[BlackTeam "Las Fuentes"]

1. d4 d5 2. c4 e6 3. Nc3 c5 4. cxd5 exd5 5. Nf3 Nc6 6. Bg5 Be7 7. Bxe7 Ngxe7 8. e3 c4 9. Be2 Bf5 10. O-O O-O 11. b3 cxb3 12. Qxb3 Na5 13. Qb2 Rc8 14. Rac1 a6 15. Na4 b5 16. Nc5 Qd6 17. Qd2 Nc4 18. Bxc4 bxc4 19. Qa5 h6 20. a4 Nc6 21. Qc3 a5 22. Nd2 Rfe8 23. Rfe1 Nb4 24. Rcd1 Bc2 25. Rc1 Bf5 26. Rcd1 Qg6 27. e4 dxe4 28. Nxc4 Nd3 29. Re3 Qf6 30. Nxd3 exd3 31. Rxe8+ Rxe8 32. Ne5 Qa6 33. h3 Rc8 34. Qb3 Qa7 35. Nxd3 Qxd4 36. Ne1 Qb4 37. Qf3 Bg6 38. Nd3 Qxa4 39. Ne5 Qe4 40. Qxe4 Bxe4 41. Ra1 Ra8 42. Nc4 a4 43. Nb6 Ra6 44. Rxa4 Rxa4 1/2-1/2

[Event "Preferente Aragonesa 2024 - Grupo I"]
[Site "?"]
[Date "2024.03.09"]
[Round "7.46"]
[White "Roman Gimeno, Javier"]
[Black "De La Riva Fernandez, Eduardo"]
[Result "1/2-1/2"]
[WhiteElo "1844"]
[BlackElo "1743"]
[PlyCount "58"]
[GameId "2166508135928335"]
[EventDate "2024.01.27"]
[WhiteTeam "Las Fuentes"]
[BlackTeam "El Olivar C"]

1. d4 Nf6 2. Nf3 e6 3. g3 d5 4. Bg2 b6 5. c4 Bb7 6. Qc2 Nbd7 7. O-O dxc4 8. Qxc4 c5 9. Rd1 cxd4 10. Qxd4 Bc5 11. Qa4 Qc8 12. b4 Bc6 13. Qb3 Be7 14. Bb2 O-O 15. Nc3 Nd5 16. a3 Bf6 17. Nd4 Bxd4 18. Rxd4 N7f6 19. Rc1 Qe8 20. Ne4 Ba4 21. Qd3 Rd8 22. Nxf6+ Nxf6 23. Qc3 Rc8 24. Qd2 Rxc1+ 25. Qxc1 Qc8 26. Rc4 Qd8 27. Rd4 Qc8 28. Rc4 Qd8 29. Rd4 Qc8 1/2-1/2

[Event "Preferente Aragonesa 2024 - Grupo I"]
[Site "?"]
[Date "2024.03.09"]
[Round "7.47"]
[White "Machin Torcal, Eduardo"]
[Black "Javierre Conesa, Alfonso"]
[Result "1/2-1/2"]
[WhiteElo "1636"]
[BlackElo "1822"]
[PlyCount "52"]
[GameId "2166508135961104"]
[EventDate "2024.01.27"]
[WhiteTeam "El Olivar C"]
[BlackTeam "Las Fuentes"]

1. b3 d5 2. Bb2 c5 3. e3 Nf6 4. f4 Nc6 5. Nf3 Bg4 6. Be2 e6 7. O-O Be7 8. Ne5 Bxe2 9. Qxe2 Qc7 10. Nxc6 Qxc6 11. d3 h6 12. Nd2 O-O 13. Nf3 Nd7 14. Ne5 Nxe5 15. Bxe5 f6 16. Bb2 f5 17. Rae1 Bf6 18. Bxf6 Rxf6 19. e4 Rff8 20. exd5 exd5 21. Qe6+ Qxe6 22. Rxe6 Rfe8 23. Rfe1 Kf7 24. R6e5 g6 25. Kf2 Rxe5 26. Rxe5 Rd8 1/2-1/2

[Event "Preferente Aragonesa 2024 - Grupo I"]
[Site "?"]
[Date "2024.03.09"]
[Round "7.48"]
[White "Artal Alegria, Francisco Javier"]
[Black "Marco Garcia, Francho"]
[Result "0-1"]
[WhiteElo "1747"]
[BlackElo "1631"]
[PlyCount "48"]
[GameId "2166508136051217"]
[EventDate "2024.01.27"]
[WhiteTeam "Las Fuentes"]
[BlackTeam "El Olivar C"]

1. e4 d5 2. exd5 Qxd5 3. Nc3 Qa5 4. d4 Nf6 5. Bd2 c6 6. Bc4 Bg4 7. Nf3 e6 8. h3 Bh5 9. O-O Qb6 10. g4 Bg6 11. Re1 Bd6 12. Bxe6 fxe6 13. Rxe6+ Kd7 14. d5 cxd5 15. Rxf6 gxf6 16. Nxd5 Qc6 17. Nxf6+ Kc8 18. Bc3 Rf8 19. Nd5 Be4 20. Ng5 Bxd5 21. Nxh7 Bh1 22. Qf1 Rd8 23. g5 Rg8 24. h4 Nd7 0-1

[Event "Preferente Aragonesa 2024 - Grupo I"]
[Site "?"]
[Date "2024.03.09"]
[Round "7.49"]
[White "Pellicer Cerezuela, Miguel"]
[Black "Salamero Pelay, Fernando"]
[Result "1-0"]
[WhiteElo "2059"]
[BlackElo "2043"]
[PlyCount "118"]
[GameId "2166508136100370"]
[EventDate "2024.01.27"]
[WhiteTeam "L'Aurora Estadilla"]
[BlackTeam "Atletismo Huesca"]

1. d4 g6 2. Nf3 Bg7 3. e3 d6 4. Be2 Nf6 5. O-O O-O 6. c4 c5 7. Nc3 Nc6 8. a3 Bf5 9. Bd2 Rc8 10. b4 cxb4 11. axb4 Nxb4 12. Rxa7 Qb6 13. Nb5 Nc6 14. Ra2 Ne4 15. Qb3 e5 16. d5 Nxd2 17. Nxd2 Nb8 18. Qb4 Rfd8 19. e4 Na6 20. Qa3 Bd7 21. Qxd6 Bc6 22. Qa3 Bf8 23. Qb2 Nb4 24. Ra4 Bxb5 25. Rxb4 Bxb4 26. Qxb4 Qd4 27. Qxb5 Qxd2 28. Bf3 Qd4 29. Qxb7 Rxc4 30. Rd1 Qc5 31. g3 Rc2 32. Rf1 Kg7 33. h4 Rd6 34. Qb8 Qc7 35. Qe8 Rf6 36. Bg4 Qc5 37. Qxe5 Rcxf2 38. Rxf2 Qxf2+ 39. Kh1 h6 40. h5 Kh7 41. hxg6+ fxg6 42. Bf5 Rf7 43. Qe6 Rg7 44. Bh3 Qxg3 45. d6 Ra7 46. Bf1 Qf2 47. Qh3 Rf7 48. Bg2 Qf4 49. Qe6 Kg7 50. e5 Ra7 51. Bd5 Ra1+ 52. Kg2 Qd2+ 53. Kg3 Rg1+ 54. Kf3 Rf1+ 55. Kg3 Qf2+ 56. Kh3 Qe3+ 57. Kh4 Qg1 58. Kh3 Qe3+ 59. Kh2 Qf4+ 1-0

[Event "Preferente Aragonesa 2024 - Grupo I"]
[Site "?"]
[Date "2024.03.09"]
[Round "7.50"]
[White "Gella Lopez, Angel"]
[Black "Cid Royo, Oscar"]
[Result "0-1"]
[WhiteElo "1988"]
[BlackElo "1993"]
[PlyCount "80"]
[GameId "2166508136137235"]
[EventDate "2024.01.27"]
[WhiteTeam "Atletismo Huesca"]
[BlackTeam "L'Aurora Estadilla"]

1. d4 d5 2. c4 c6 3. Nf3 Nf6 4. Qc2 g6 5. Bf4 Bg7 6. e3 O-O 7. Nc3 Bf5 8. Qb3 b6 9. Be2 a5 10. O-O a4 11. Qd1 dxc4 12. Bxc4 b5 13. Be2 a3 14. b3 Na6 15. Ne5 Nb4 16. Rc1 Rc8 17. Qd2 Qa5 18. Rfd1 Rfd8 19. Bf3 c5 20. d5 Nd7 21. Nxd7 Bxd7 22. e4 c4 23. bxc4 bxc4 24. Be2 Nd3 25. Bxd3 cxd3 26. Nb1 Qxd2 27. Bxd2 Bb2 28. Rxc8 Rxc8 29. Be3 Ba4 30. Rf1 Rc2 31. g3 Bb5 32. Rd1 Bc4 33. Bc5 Rc1 34. Rxc1 Bxc1 35. Bxe7 Bxa2 36. Nc3 d2 37. d6 Be6 38. Nd1 Bb2 39. d7 Bxd7 40. Bxa3 Bxa3 0-1

[Event "Preferente Aragonesa 2024 - Grupo I"]
[Site "?"]
[Date "2024.03.09"]
[Round "7.51"]
[White "Ayensa Garcia, Miguel Angel"]
[Black "Gella Bitrian, Diego"]
[Result "1/2-1/2"]
[WhiteElo "1989"]
[BlackElo "1978"]
[PlyCount "67"]
[GameId "2166508136170004"]
[EventDate "2024.01.27"]
[WhiteTeam "L'Aurora Estadilla"]
[BlackTeam "Atletismo Huesca"]

1. c4 Nf6 2. Nc3 g6 3. e4 d6 4. d4 Bg7 5. Be2 O-O 6. Nf3 e5 7. d5 a5 8. Bg5 Na6 9. O-O Nc5 10. Nd2 h6 11. Bxf6 Qxf6 12. Bg4 Bxg4 13. Qxg4 Qf4 14. Qe2 f5 15. f3 h5 16. Nb3 Bh6 17. Nxc5 Qe3+ 18. Qxe3 Bxe3+ 19. Kh1 Bxc5 20. Rad1 Rf7 21. Rfe1 Raf8 22. Nb5 Bb6 23. a3 fxe4 24. Rxe4 Rf4 25. Rde1 Rxe4 26. Rxe4 Rf4 27. b4 Kf7 28. bxa5 Bxa5 29. Kg1 Ke7 30. Rxf4 exf4 31. Kf1 Kf6 32. Ke2 Ke5 33. Kd3 Bb6 34. a4 1/2-1/2

[Event "Preferente Aragonesa 2024 - Grupo I"]
[Site "?"]
[Date "2024.03.09"]
[Round "7.52"]
[White "Laplaza Ara, Carlos"]
[Black "Fuentes Espuna, Juan Antonio"]
[Result "0-1"]
[WhiteElo "1910"]
[BlackElo "1914"]
[PlyCount "78"]
[GameId "2166508136210965"]
[EventDate "2024.01.27"]
[WhiteTeam "Atletismo Huesca"]
[BlackTeam "L'Aurora Estadilla"]

1. d4 d5 2. c4 c6 3. cxd5 cxd5 4. Nc3 Nf6 5. Nf3 e6 6. Bg5 Be7 7. e3 a6 8. Bd3 Nc6 9. a3 Bd7 10. O-O h6 11. Bh4 Rc8 12. Rc1 b5 13. b4 O-O 14. Qb3 Ne8 15. Bxe7 Nxe7 16. e4 dxe4 17. Bxe4 Nd6 18. Ne5 Rxc3 19. Qxc3 Nxe4 20. Qc7 Nf6 21. Qa7 Bc8 22. Rc2 Nfd5 23. Rfc1 Qb6 24. Rc7 Qxa7 25. Rxa7 Nf5 26. Nxf7 Nxd4 27. Kf1 Nb3 28. Rc6 Nd2+ 29. Ke2 Nc4 30. a4 Rxf7 31. Rxc8+ Rf8 32. Rc5 Nf4+ 33. Kf1 Rd8 34. f3 Rd1+ 35. Kf2 Nd3+ 36. Kg3 Nxc5 37. bxc5 Rd8 38. Rxa6 b4 39. Rxe6 b3 0-1

[Event "Preferente Aragonesa 2024 - Grupo II"]
[Site "?"]
[Date "2024.03.09"]
[Round "7.53"]
[White "Chueca Lorente, Javier"]
[Black "Cabrera Moreno, Daniel"]
[Result "1/2-1/2"]
[WhiteElo "2175"]
[BlackElo "2157"]
[PlyCount "134"]
[GameId "2166508136247830"]
[EventDate "2024.01.27"]
[WhiteTeam "MyInvestor Casablanca C"]
[BlackTeam "Tauste"]

1. c4 Nf6 2. g3 e6 3. Bg2 d5 4. Nf3 Be7 5. O-O c6 6. Qc2 O-O 7. d4 Nbd7 8. Nbd2 b6 9. e4 Bb7 10. e5 Ne8 11. Re1 Nc7 12. h4 c5 13. cxd5 Nxd5 14. Ne4 h6 15. Bg5 Nb4 16. Qb1 Bxe4 17. Bxe7 Bxb1 18. Bxd8 Bg6 19. Be7 Rfe8 20. Bd6 Nc2 21. Rad1 Nxe1 22. Nxe1 Rac8 23. Bb7 cxd4 24. Bxc8 Rxc8 25. Rxd4 Rc1 26. Kf1 Nc5 27. Ke2 Ne4 28. Nd3 Rc2+ 29. Ke3 Nc5 30. Nxc5 bxc5 31. Ra4 Rxb2 32. Bxc5 Bb1 33. a3 Rb3+ 34. Kf4 Bd3 35. Rxa7 Bc4 36. g4 Bd5 37. Be3 Rc3 38. a4 Ra3 39. a5 Bc6 40. h5 Bd5 41. g5 hxg5+ 42. Kxg5 Ra4 43. h6 Bf3 44. hxg7 Kxg7 45. Bf4 Ra1 46. Kh4 Rg1 47. Be3 Ra1 48. Kg3 Bd5 49. Bc5 Ra4 50. Bb6 Kg6 51. Rc7 Ra3+ 52. Kf4 Ra4+ 53. Kg3 Ra3+ 54. Kh2 Kf5 55. Rxf7+ Kxe5 56. Bc7+ Kd4 57. Rf4+ Kc5 58. Bb6+ Kb5 59. Rg4 Ka6 60. Rg3 Rxg3 61. fxg3 Bf3 62. Kg1 e5 63. Kf2 e4 64. Ke3 Kb7 65. Kf4 Ka6 66. g4 Bxg4 67. Kxg4 e3 1/2-1/2

[Event "Preferente Aragonesa 2024 - Grupo II"]
[Site "?"]
[Date "2024.03.09"]
[Round "7.54"]
[White "Fernandez Rubio, Rafael"]
[Black "Cebollada Pacheco, Jesus Raul"]
[Result "1-0"]
[WhiteElo "2033"]
[BlackElo "1997"]
[PlyCount "73"]
[GameId "2166508136288791"]
[EventDate "2024.01.27"]
[WhiteTeam "Tauste"]
[BlackTeam "MyInvestor Casablanca C"]

1. e4 e5 2. Nf3 Nc6 3. Bb5 a6 4. Ba4 Nf6 5. O-O b5 6. Bb3 Bc5 7. Nxe5 Nxe5 8. d4 Bxd4 9. Qxd4 d6 10. f4 c5 11. Qd1 c4 12. fxe5 Qb6+ 13. Kh1 dxe5 14. Bg5 Bb7 15. Bxf6 gxf6 16. Bxc4 bxc4 17. Nc3 Rd8 18. Qf3 Rd6 19. b3 cxb3 20. Rab1 b2 21. Na4 Qc6 22. Rxb2 Qxa4 23. Rxb7 O-O 24. Rb3 Qd7 25. Qh5 f5 26. exf5 f6 27. Qh6 Rd8 28. h3 Kh8 29. Rg3 Qe7 30. Kh2 Rg8 31. Rxg8+ Kxg8 32. Rb1 Rd8 33. Rb3 Kh8 34. Rb6 Rd6 35. Rb7 Rd7 36. Rxd7 Qxd7 37. Qxf6+ 1-0